'Ñ' Spanish Vocabulary Quiz Stats

 Plays Quiz not verified by Sporcle

Score 0/10 Timer 04:00
0 Plays Today
% Correct
ñoñería
63.6%
ñame
59.1%
ñoqui
50%
ñandutí
40.9%
ñato
36.4%
ñandú
31.8%
ñu
31.8%
ñapa
31.8%
ñeque
18.2%
ñora
13.6%

You're not logged in!

Compare scores with friends on all Sporcle quizzes.
OR
Log In

Sporcle TV

Today on Sporcle TV


Watch our educational content, quiz creation guides, and fun videos on Sporcle TV.

Show Comments

Extras

Top Quizzes Today


Score Distribution

Your Account Isn't Verified!

In order to create a playlist on Sporcle, you need to verify the email address you used during registration. Go to your Sporcle Settings to finish the process.

Report this User

Report this user for behavior that violates our Community Guidelines.

Details: